| 000 | 00447nam a22001697a 4500 | ||
|---|---|---|---|
| 003 | CEME | ||
| 005 | 20210628202337.0 | ||
| 008 | 210120b xxu||||| |||| 00| 0 eng d | ||
| 040 | _cceme | ||
| 082 | _a006.3 LUG'A | ||
| 100 |
_aLuger, George F _959447 |
||
| 245 | _aArtificial intelligence ,structures and strategies for complex problem solving | ||
| 250 | _a4TH | ||
| 260 |
_aINDIA _bLOGMAN _c2001 |
||
| 300 | _aXXIII,856 P | ||
| 942 |
_cBK _2ddc |
||
| 999 |
_c569427 _d569427 |
||